| 000 | 00362nam a2200145 a 4500 | ||
|---|---|---|---|
| 001 | 3459 | ||
| 003 | CDMR | ||
| 005 | 20130116135244.0 | ||
| 008 | 130130s1965||||||||||||||||||||||||||||d | ||
| 040 |
_aCDMR _bcat _cCPC GIRONA |
||
| 100 | 1 |
_aCazeneuve, Jean _9751 |
|
| 245 | 1 | 0 |
_aSociologie de la radio-télévision _cCazeneuve, Jean |
| 260 |
_c1965 _bP.U.F. |
||
| 942 | _cMON | ||
| 999 |
_c3459 _d3459 |
||